Missing Word: France Facts Quiz Stats

 Plays Quiz Updated Jul 1, 2012

Support Sporcle.
Go Orange.
Score 0/14 Timer 03:00
0 Plays Today
Fact Missing Word % Correct
The people of France speak ________.French
99.6%
________ is the capital of France.Paris
99.3%
For their currency, the people use the _________.Euro
96%
The Tour de France is an annual ________ race that always ends in France's capital.bicycle
95.3%
The ________ Tower is the tallest building in the capital city.Eiffel
94.6%
________ Bonaparte was the emperor from 1804-1815.Napoleon
88.6%
Before the aforementioned currency, the ________ was used.Franc
87.4%
Fact Missing Word % Correct
The ________ is the world's most visited art museum.Louvre
84.9%
Cooked snails, or _______, is a dish commonly served as an appetizer in France.escargot
75.2%
Mont ________, the highest mountain in the Alps, is located in France.Blanc
74.7%
The storming of the ________ is said to be one of the triggers of the French Revolution.Bastille
68.5%
France shares borders with Germany, Spain, Andorra, Belgium, Luxembourg, ________, Monaco and Italy in Europe.Switzerland
61.8%
Emmanuel ______ is the current president.Macron
43.6%
France was a member of the Triple ________, along with Britain and Russia.Entente
29.3%

Today's Daily Dose

You're not logged in!

Compare scores with friends on all Sporcle quizzes.
OR
Log In
Forgot?

From the Vault

Smallest Countries (Redux)

by Headers2304

Just click all the countries you normally forget when playing 'Countries of the World'.
Remove Ads.
Support Sporcle.
Get the best of Sporcle when you Go Orange. This ad-free experience offers more features, more stats, and more fun while also helping to support Sporcle. Thank you for becoming a member.

Show Comments

Extras

Top Quizzes Today


Score Distribution

Your Account Isn't Verified!

In order to create a playlist on Sporcle, you need to verify the email address you used during registration. Go to your Sporcle Settings to finish the process.

Report this User

Report this user for behavior that violates our Community Guidelines.

Details: